| 000 | 01030nam a22001817a 4500 | ||
|---|---|---|---|
| 008 | 120821t xxu||||| |||| 00| 0 eng d | ||
| 020 | _a0789565412 | ||
| 050 | _aTK5105.D74 | ||
| 100 | _aShelly, Gary B. | ||
| 245 |
_aMacromedia dreamwaver: comprehensive concepts and techniques. / _cGary B. Shelly, Thomas J. Cashman and Dolores J. Wells. |
||
| 260 |
_aAustralia: _bThomson, _c2004. |
||
| 300 |
_axv,+ various pagings: _bill.; _c28cm. |
||
| 500 | _aIncludes index. | ||
| 505 | _aContents: Introduction: Introduction to web development and macromedia dreamwaver -- Creating a dreamweaver web page and local site -- Adding web pages, links and images -- Tables and page layout -- Page layout with frames -- Forms -- Templates and styles sheets -- Layers, image maps and navigation bars -- Animation and behaviors -- Media objects -- Dreamweaver help -- Dreamweaver and accessibility -- Dreamweaver and fireworks -- Publishing to a web server. | ||
| 700 | _a Cashman, Thomas J. | ||
| 700 | _aWells, Dolores J. | ||
| 942 |
_2lcc _cBK |
||
| 999 |
_c2074 _d9574 |
||